000 00707pab a2200169 454500
008 180718b1999 xxu||||| |||| 00| 0 eng d
100 _aSwain, John W.
245 _aRaising revenues: an introduction
260 _c1999
300 _ap.1501-506
362 _aNov-Dec
520 _aRaising revenues, although necessary to budgets, has received relatively scant attention from students of public budgeting. This special issue focuses attention on that topic. The contributions to this special issue show the diverse ways in which raising revenues is important. - Reproduced
650 _aRevenue
650 _aPublic finance
773 _aInternational Journal of Public Administration
909 _a42694
999 _c42694
_d42694